| 000 | 00487nam a2200169Ia 4500 | ||
|---|---|---|---|
| 008 | 210719s2002 xx 000 0 und d | ||
| 020 | _a8122413854 | ||
| 041 | _aeng | ||
| 082 | _a519.5KAK CHAM | ||
| 100 | _aCHAKRAVARTY (S K) | ||
| 245 | _aMathematics and statistics for CA professional education course-1. | ||
| 260 |
_aND _bNew Age International Ltd _c2002 |
||
| 300 |
_a634 _bPB |
||
| 365 |
_b350 _cRs |
||
| 650 | _aMathematical Statistics | ||
| 906 | _aMathematical statistics CA | ||
| 999 |
_c213714 _d213714 |
||